Tamsin Gray - modern day explorer (OpenWorld 1, unit 4) - Statistiken

Allgemein
  • Dieses Quiz wurde 2 mal gespielt
  • Das Durchschnittsergebnis liegt bei 16 aus 22
Antwortstatistiken
Hint Antwort % Korrekt
Abenteuer adventure
100%
Teil sein von be part of
100%
Kamera camera
100%
vorsichtig careful
100%
Klimaveränderung climate change
100%
sich unterscheiden differ
100%
gefrieren freeze
100%
Loch hole
100%
Eis ice
100%
Karte map
100%
stolz proud
100%
Südpol South Pole
100%
Ferien verbringen spend holidays
100%
stecken bleiben get stuck
50%
weltweit global
50%
beobachten observe
50%
Probe, Muster sample
50%
seit 8 Uhr since 8 o'clock
50%
am Ende der Welt in the middle of nowhere
0%
steigen lassen launch
0%
Forschungsstation research station
0%
Erstellung von Wetterprognosen weather forecasting
0%
Keine übereinstimmenden Quizze gefunden
Verteilung der Resultate
Anzahl Personen mit jedem Resultat
Perzentil nach korrekt beantworteten Fragen
Ihre Resultats-Entwicklung
Sie haben dieses Quiz noch nicht gespielt